| 000 | 01445nam a2200373 a 4500 | ||
|---|---|---|---|
| 001 | 47730 | ||
| 003 | BD-RjUL | ||
| 005 | 20211209054359.0 | ||
| 008 | 160810r19991998enk 000 0 eng | ||
| 020 | _a0140513639 (pbk.) | ||
| 020 | _a9780140513639 (pbk.) | ||
| 035 | _a(OCoLC)ocm41467327 | ||
| 035 |
_a(NNC)3070204 _a(BD-RjUL)47849 |
||
| 040 |
_aUKM _cUKM _dC#P _dNNC _dBD-RjUL _beng |
||
| 041 | _aeng | ||
| 082 | 0 | 4 |
_221 _a803 _bCUP 1998 |
| 100 | 1 |
_aCuddon, J. A. _q(John Anthony), _d1928-1996. _9144968 |
|
| 245 | 1 | 4 |
_aThe Penguin dictionary of literary terms and literary theory / _cJ.A. Cuddon ; (revised by C.E. Preston). |
| 246 | 1 | 0 | _aLiterary terms and literary theory |
| 250 | _a4th ed. | ||
| 260 |
_aLondon : _bPenguin, _c1998. _c[Printing1999] |
||
| 300 |
_axix, 991 p. ; _c20 cm. |
||
| 500 | _aPrevious ed.: 1992. | ||
| 500 | _aReprint of: A dictionary of literary terms and literary theory / J.A. Cuddon ; (revised by C.E. Preston). | ||
| 650 | 0 |
_aCriticism _vTerminology. _9144969 |
|
| 650 | 0 |
_aLiterature _vTerminology. _9144970 |
|
| 650 | 0 |
_aEnglish language _vTerms and phrases. _9132901 |
|
| 650 | 4 |
_aCriticism _xTerminology _xDictionaries. _9144971 |
|
| 650 | 4 |
_aLiterature _xTerminology _xDictionaries. _9144972 |
|
| 700 | 1 |
_aPreston, Claire. _9144973 |
|
| 700 | 1 |
_aCuddon, J. A. _q(John Anthony), _d1928-1996. _tDictionary of literary terms and literary theory. _9144974 |
|
| 942 |
_2ddc _cREF |
||
| 999 |
_c47730 _d47730 |
||